02145cam a2200361 i 4500003000900000005001700009008004300026020001800069035001800087040003300105041000800138082002500146100004200171245013800213250002300351264003800374264002600412300002900438336002100467337002500488338002300513500014500536500010700681504005600788505033800844520035401182650002301536650003801559650004501597650004801642650002801690856006501718PE-LiUPU20251222100632.02507 s2025 pe a rb 000 0 spa d a9786123256005 aPE-LiUPU00045 aPE-LiUPUbspacPE-LiUPUerda0 aspa04a343.5bN312v223/spe1 aNaupari Wong, José Rodolfo,eautor.10aVacancia y suspensión de autoridades regionales y municipales :bjurisprudencia electoral 2023-2024 /cJosé Rodolfo Naupari Wong. aPrimera edición. 1aLima :bPalestra Editores,c2025. 3aImpreso en el Perú. a536 páginas ;c20.5 cm atext2rdacontent aunmediated2rdamedia avolume2rdacarrier aIncluye desarrollo doctrinal y análisis sistemático de la jurisprudencia electoral peruana sobre vacancia y suspensión de autoridades. aObra basada en resoluciones del Jurado Nacional de Elecciones correspondientes a los años 2023-2024. aIncluye referencias normativas y jurisprudenciales.0 aAproximación teórica a la vacancia y suspensión de autoridades -- Marco normativo de la declaratoria de vacancia y suspensión -- Vacancia y suspensión y Jurado Nacional de Elecciones -- Jurisprudencia electoral 2023-2024 -- Procedimientos, causales y reglas de votación -- Función administrativa y causales de vacancia. aEstudio exhaustivo sobre la vacancia y suspensión de autoridades regionales y municipales en el Perú, que analiza el marco teórico, normativo y procedimental, así como la jurisprudencia electoral reciente del Jurado Nacional de Elecciones, con énfasis en principios de legalidad, debido procedimiento, legitimidad y control jurisdiccional. 4aDerecho electoral. 4aJurisprudencia electoralzPerú. 4aGobiernos localesxAspectos jurídicos. 4aGobiernos regionalesxAspectos jurídicos. 4aDerecho administrativo.40uhttps://www.palestraeditores.comzSitio web de la editorial.